Quiz da Austrália - Statistics

Estatísticas Gerais
  • Esse quiz foi jogado 2 791 vezes
  • A pontuação média é 7 de 20
Estatísticas das Respostas
Dica Resposta % Correto
Capital Camberra
91%
Maiores cidades Sydney
81%
Animais que aparecem no brasão de armas Canguru
72%
Maiores cidades Melbourne
62%
Maior ilha Tasmânia
60%
Estado que começa com Q Queensland
44%
O maior recife de coral do mundo Grande {Barreira} de Coral
43%
Os povos indígenas do continente australiano {Aborígenes} australianos
41%
Feriado celebrado em 26 de janeiro Dia da {Austrália}
37%
Termo para as regiões vastas e remotas do interior da Austrália Outback
31%
Nome que o explorador neerlandês Abel Tasman deu à Austrália Nova {Holanda}
25%
A equidna é um tipo de "monotremato". Qual é o outro? Ornitorrinco
25%
A Nova Gales do Sul foi originalmente fundada como uma ... Colônia {Penal}
19%
Animais que aparecem no brasão de armas Emu
17%
Marco também conhecido como Ayers Rock Uluru
12%
Marca de extrato de levedura considerado como um dos alimentos nacionais da Austrália Vegemite
12%
Hino nacional Advance Australia {Fair}
11%
Gema oficial Opala
11%
Como o anterior, mas não tão remoto Bush
6%
Às vezes chamada de criatura mais venenosa do mundo Cubozoa
4%
Nenhum quiz correspondente encontrado
Distribuição das Pontuações
Porcentagem de Pessoas com Cada Pontuação
Percentil de Números Respondidos
Sua Pontuação Histórica
Você não jogou esse quiz